[Event "Cachoeiro CEAX op 4th"]
[Site "Cachoeiro"]
[Date "2003.09.26"]
[Round "1"]
[White "Lacerda, Cesar Romeu"]
[Black "Moulin, Fred A"]
[Result "1-0"]
[WhiteElo "2039"]
[BlackElo "1778"]
[PlyCount "63"]
[EventDate "2003.09.26"]
[EventType "swiss"]
[EventRounds "6"]
[EventCountry "BRA"]
[SourceTitle "EXT 2006"]
[Source "ChessBase"]
[SourceDate "2005.11.24"]
[SourceVersion "1"]
[SourceVersionDate "2005.11.24"]
[SourceQuality "1"]

1. e4 e5 2. Nf3 Nc6 3. Bb5 a6 4. Ba4 Bc5 5. c3 d6 6. d4 exd4 7. cxd4 Bb4+ 8. Nc3 Nf6 9. 0-0 b5 10. Bb3 0-0 11. Bg5 h6 12. Bxf6 Qxf6 13. Nd5 Qd8 14. Nxb4 Nxb4 15. Qd2 c5 16. a3 Nc6 17. Bd5 Qb6 18. dxc5 dxc5 19. Ne5 Nxe5 20. Bxa8 Bb7 21. Bxb7 Qxb7 22. Qd5 Qe7 23. Rfd1 Rc8 24. a4 b4 25. f4 Ng4 26. Qf5 Qe6 27. Qxe6 fxe6 28. Rd6 Kf7 29. Rad1 Rc7 30. Rd7+ Rxd7 31. Rxd7+ Kf6 32. Rc7 1-0

[Event "BRA CEAX op 2nd "]
[Site "Brazil"]
[Date "2003.07.04"]
[Round "1"]
[White "Moulin, Fred A"]
[Black "Vieira, Paulo Cesar"]
[Result "0-1"]
[WhiteElo "1778"]
[BlackElo "1993"]
[PlyCount "72"]
[EventDate "2003.07.??"]
[EventType "swiss"]
[EventRounds "6"]
[EventCountry "BRA"]
[SourceTitle "EXT 2006"]
[Source "ChessBase"]
[SourceDate "2005.11.24"]
[SourceVersion "1"]
[SourceVersionDate "2005.11.24"]
[SourceQuality "1"]

1. e4 c5 2. Nf3 Nc6 3. d4 cxd4 4. Nxd4 Nf6 5. Nc3 e5 6. Nf3 Bb4 7. Bg5 Bxc3+ 8. bxc3 Qa5 9. Bxf6 Qxc3+ 10. Nd2 gxf6 11. g3 Nb4 12. Rc1 Nxa2 13. Ra1 Nb4 14. Qc1 Qxc2 15. Rb1 Qxc1+ 16. Rxc1 b6 17. Rc4 a5 18. Be2 Ba6 19. Rc3 Ke7 20. Bxa6 Nxa6 21. 0-0 Rhc8 22. Rcc1 Rxc1 23. Rxc1 b5 24. Nb3 a4 25. Nd2 d6 26. Kf1 Nc5 27. Ke1 a3 28. Ra1 a2 29. Kd1 b4 30. Kc2 Ke6 31. f3 d5 32. exd5+ Kxd5 33. Kb2 Kd4 34. Rxa2 Rxa2+ 35. Kxa2 Kc3 36. Nb1+ Kc2 0-1